Kaart van Afrika met willekeurig gecombineerde landen - Statistieken

Algemene statistieken
  • Deze quiz is 2.279 keer genomen
  • De gemiddelde score is 10 van 12
Antwoorden op de kaart
Antwoorden kleurgecodeerd door een groen-rode schaal op de quizkaart volgens % correct hieronder.
 
Antwoordstatistieken
Land % Correct
Landen Algerije
98%
Landen Algerije
98%
Landen Democratische Republiek Congo
98%
Landen Democratische Republiek Congo
98%
Landen Democratische Republiek Congo
98%
Landen Libië
98%
Landen Libië
98%
Landen Marokko
98%
Landen Niger
98%
Landen Soedan
98%
Landen Democratische Republiek Congo
97%
Landen Democratische Republiek Congo
97%
Landen Egypte
97%
Landen Niger
97%
Landen Soedan
97%
Landen Tsjaad
97%
Landen Tsjaad
97%
Landen Zuid-Afrika
97%
Landen Algerije
96%
Landen Algerije
96%
Landen Democratische Republiek Congo
96%
Landen Egypte
96%
Landen Libië
96%
Landen Marokko
96%
Landen Niger
96%
Landen Soedan
96%
Landen Soedan
96%
Landen Algerije
95%
Landen Mali
95%
Landen Niger
95%
Landen Nigeria
95%
Landen Republiek Congo
95%
Landen Soedan
95%
Landen Soedan
95%
Landen Zuid-Soedan
95%
Landen Libië
94%
Landen Niger
94%
Landen Mali
93%
Landen Namibië
93%
Landen Niger
93%
Landen Tsjaad
93%
Landen Zuid-Afrika
93%
Landen Zuid-Afrika
93%
Landen Zuid-Soedan
93%
Landen Angola
92%
Landen Ethiopië
92%
Landen Libië
92%
Landen Mauritanië
92%
Landen Republiek Congo
92%
Landen Tsjaad
92%
Landen Angola
91%
Landen Centraal-Afrikaanse Republiek
91%
Landen Centraal-Afrikaanse Republiek
91%
Landen Ethiopië
91%
Landen Mali
91%
Landen Mali
91%
Landen Namibië
91%
Landen Botswana
90%
Landen Centraal-Afrikaanse Republiek
90%
Landen Centraal-Afrikaanse Republiek
90%
Landen Republiek Congo
90%
Landen Somalië
90%
Landen Somalië
90%
Landen Zuid-Afrika
90%
Landen Zuid-Soedan
90%
Landen Centraal-Afrikaanse Republiek
89%
Landen Soedan
89%
Landen Tsjaad
89%
Landen Zambia
89%
Landen Botswana
88%
Landen Eritrea
88%
Landen Mali
88%
Landen Mali
88%
Landen Republiek Congo
88%
Landen Zuid-Soedan
88%
Landen Angola
87%
Landen Ethiopië
87%
Landen Ivoorkust
87%
Landen Kenia
87%
Landen Lesotho
87%
Landen Mauritanië
87%
Landen Namibië
87%
Landen Senegal
87%
Landen Zambia
87%
Landen Ethiopië
86%
Landen Kenia
86%
Landen Kenia
86%
Landen Mauritanië
86%
Landen Mozambique
86%
Landen Nigeria
86%
Landen Senegal
86%
Landen Zuid-Soedan
86%
Landen Burkina Faso
85%
Landen Ghana
85%
Landen Guinee
85%
Landen Ivoorkust
85%
Landen Libië
85%
Landen Mozambique
85%
Landen Mozambique
85%
Landen Oeganda
85%
Landen Benin
84%
Landen Centraal-Afrikaanse Republiek
84%
Landen Ivoorkust
84%
Landen Mauritanië
84%
Landen Oeganda
84%
Landen Tanzania
84%
Landen Zambia
84%
Landen Ghana
83%
Landen Kameroen
83%
Landen Kameroen
83%
Landen Kameroen
83%
Landen Nigeria
83%
Landen Senegal
83%
Landen Tanzania
83%
Landen Ivoorkust
82%
Landen Tunesië
82%
Landen Zambia
82%
Landen Zimbabwe
82%
Landen Algerije
81%
Landen Kenia
81%
Landen Burkina Faso
80%
Landen Burkina Faso
80%
Landen Mozambique
80%
Landen Ivoorkust
79%
Landen Zimbabwe
79%
Landen Kameroen
78%
Landen Tunesië
78%
Landen Ethiopië
77%
Landen Guinee
77%
Landen Mali
77%
Landen Botswana
76%
Landen Eritrea
76%
Landen Oeganda
76%
Landen Liberia
75%
Landen Zimbabwe
75%
Landen Guinee
74%
Landen Gabon
73%
Landen Liberia
73%
Landen Burkina Faso
72%
Landen Guinee
70%
Landen Ghana
69%
Landen Sierra Leone
67%
Landen Mozambique
65%
Landen Sierra Leone
65%
Landen Liberia
63%
Landen Malawi
63%
Landen Togo
63%
Landen Togo
61%
Landen Benin
60%
Landen Guinee
59%
Geen overeenkomende quizzen gevonden
Scoreverdeling
Procent van Mensen met Elke Score
Percentiel versus Aantal Correcte Antwoorden
Uw Scoregeschiedenis
U heeft deze quiz nog niet genomen